Graficación por computador con Pascal

সংরক্ষণ করুন:
গ্রন্থ-পঞ্জীর বিবরন
প্রধান লেখক: Berger, Marc (Author)
বিন্যাস: গ্রন্থ
ভাষা:ইংরেজি
প্রকাশিত: Wilmington Addison-Wesley Iberoamericana 1991
বিষয়গুলি:
ট্যাগগুলো: ট্যাগ যুক্ত করুন
কোনো ট্যাগ নেই, প্রথমজন হিসাবে ট্যাগ করুন!

MARC

LEADER 00000nam a2200000 a 4500
001 UCY0832
003 CL-VaPUC
008 940813e19910000US |||||||||||||||||eng|d
082 0 4 |a 006.6  |b BER  |2 21 
100 0 |a Berger, Marc  |e author  |9 328672 
245 1 0 |a Graficación por computador con Pascal 
300 |a 396 p 
942 |c BK 
945 |d 19940813 00:00:00  |a mfernand 
260 |a Wilmington  |b Addison-Wesley Iberoamericana  |c 1991 
650 0 |a Gráficos por computador  |9 262412 
650 7 |a PASCAL LENGUAJE DE PROGRAMACION PARA COMPUTADORES  |2 CL-VaPUC  |9 259777 
583 |a last modification  |c 19940813 00:00:00  |k Rodrigo Vera 
999 |c 229732  |d 229730 
952 |0 0  |1 0  |4 0  |6 006_600000000000000_BER_1991  |7 0  |8 A  |9 231233  |a BIBING  |b BIBING  |d 2019-11-15  |i 2952386  |o 006.6 BER 1991  |p 2952386  |r 2025-01-20  |w 2019-11-15  |y BK  |k EIE